[Event "42nd Olympiad 2016"]
[Site "Baku AZE"]
[Date "2016.09.12"]
[Round "10.40"]
[Board "2"]
[White "Teerapabpaisit, Wisuwat"]
[Black "Barros Rivadeneira, Cristhian"]
[Result "0-1"]
[WhiteTitle "FM"]
[BlackTitle "IM"]
[WhiteElo "2248"]
[BlackElo "2351"]
[WhiteTeam "Thailand"]
[BlackTeam "Ecuador"]
[WhiteFideId "6200176"]
[BlackFideId "3609677"]
[EventDate "2016.09.02"]

1. e4 c5 2. Nf3 d6 3. d4 cxd4 4. Nxd4 Nf6 5. Nc3 a6 6. Be3 e5 7. Nb3 Be6 8. Qd2
Nbd7 9. f3 Rc8 10. g4 h6 11. O-O-O b5 12. h4 Nb6 13. Qf2 Nfd7 14. Rg1 Rxc3 15.
bxc3 Na4 16. Bd2 Qc7 17. f4 d5 18. fxe5 dxe4 19. Qd4 Nxe5 20. Qxe4 Ba3+ 21. Kb1
O-O 22. Bd3 Nxd3 23. cxd3 Nxc3+ 24. Bxc3 Qxc3 25. Qd4 Qc7 26. g5 Rd8 27. Qf2
hxg5 28. hxg5 Qc3 29. Qc2 Qb4 30. Qd2 Qa4 31. Qa5 Rb8 32. Qc7 Rc8 33. Qb7 Rf8
34. Rd2 Bxb3 35. Qe4 Qxe4 36. dxe4 Bc4 37. g6 fxg6 38. Rdg2 Bd3+ 39. Ka1 Bc5 0-1

[Event "42nd Olympiad 2016"]
[Site "Baku AZE"]
[Date "2016.09.12"]
[Round "10.41"]
[Board "1"]
[White "Rodriguez Vila, Andres"]
[Black "Abdyjapar, Asyl"]
[Result "0-1"]
[WhiteTitle "GM"]
[BlackTitle "IM"]
[WhiteElo "2453"]
[BlackElo "2390"]
[WhiteTeam "Uruguay"]
[BlackTeam "Kyrgyzstan"]
[WhiteFideId "3000010"]
[BlackFideId "13800337"]
[EventDate "2016.09.02"]

1. e4 c5 2. Nc3 Nc6 3. g3 g6 4. d3 Bg7 5. Bg2 e6 6. Be3 Nd4 7. Nce2 d5 8. c3
Nxe2 9. Nxe2 dxe4 10. dxe4 Qc7 11. Qd2 b6 12. O-O Bb7 13. Rad1 Nf6 14. f3 O-O
15. Bg5 Rfd8 16. Qf4 Qxf4 17. gxf4 Ba6 18. Kf2 Rdc8 19. Rfe1 h6 20. Bh4 Nh5 21.
Ke3 Bc4 22. Bf1 b5 23. Ng3 Nxg3 24. Bxc4 Nxe4 25. fxe4 bxc4 26. Rd7 Rab8 27. Re2
Rb6 28. e5 Rcb8 29. Rd8+ Rxd8 30. Bxd8 Rb7 31. Rd2 g5 32. h4 gxh4 33. Bxh4 Kh7
34. Ke4 Kg6 35. Bd8 Bf8 36. Bf6 Be7 37. Rg2+ Kh5 38. Bxe7 Rxe7 39. f5 Kh4 40. f6
Rb7 41. Kf4 Kh5 42. a4 a5 43. Kf3 Rd7 44. Rg7 Rd3+ 45. Kf4 Rd7 46. Rg8 Rd1 47.
Rc8 Rf1+ 48. Kg3 Rb1 49. Rxc5 Rxb2 50. Kf4 Rb3 51. Rxc4 Ra3 52. Ke4 Kg6 53. Rc8
Rxa4+ 54. c4 h5 55. Rg8+ Kh6 56. Kd4 Ra1 57. Rg7 a4 58. Rxf7 a3 59. Ra7 h4 60.
Kc3 h3 61. Ra8 Kg6 62. Rg8+ Kf7 63. Rg7+ Kf8 64. Rh7 Rb1 65. Rxh3 a2 66. Rh8+
Kf7 67. Rh7+ Kg8 68. Ra7 a1=Q+ 69. Rxa1 Rxa1 70. c5 Kf7 71. Kb4 Rb1+ 72. Ka4 Ke8
73. c6 Kd8 0-1

[Event "42nd Olympiad 2016"]
[Site "Baku AZE"]
[Date "2016.09.12"]
[Round "10.42"]
[Board "3"]
[White "Valdes Romero, Leonardo"]
[Black "Psaila, Clarence"]
[Result "1-0"]
[WhiteTitle "IM"]
[WhiteElo "2387"]
[BlackElo "2057"]
[WhiteTeam "Costa Rica"]
[BlackTeam "Malta"]
[WhiteFideId "6500331"]
[BlackFideId "5600359"]
[EventDate "2016.09.02"]

1. Nf3 e6 2. g3 f5 3. Bg2 Nf6 4. c4 Be7 5. O-O O-O 6. Nc3 d6 7. d4 Ne4 8. Nxe4
fxe4 9. Nd2 d5 10. f3 Nc6 11. fxe4 Rxf1+ 12. Nxf1 dxc4 13. Be3 Bd7 14. b3 Na5
15. e5 Bc6 16. Bxc6 bxc6 17. b4 Bxb4 18. Qa4 Bc3 19. Rc1 Bxd4 20. Qxa5 Bb6 21.
Qc3 Qg5 22. Bxb6 axb6 23. Qxc4 Qxe5 24. Qxc6 Rf8 25. Qc4 c5 26. e3 Qf5 27. Qe2
b5 28. g4 Qg5 29. Qxb5 Qxg4+ 30. Ng3 h5 31. Qc4 Qg5 32. Qxc5 e5 33. Rf1 Rd8 34.
Qc4+ Kh8 35. Qe2 g6 36. Kh1 Qe7 37. Qf3 Rd2 38. Nxh5 gxh5 39. Qxh5+ Kg7 40. Rg1+
Kf6 41. Qg6# 1-0

[Event "42nd Olympiad 2016"]
[Site "Baku AZE"]
[Date "2016.09.12"]
[Round "10.46"]
[Board "1"]
[White "Shrestha, Keshav"]
[Black "Song, Raymond"]
[Result "0-1"]
[WhiteTitle "CM"]
[WhiteElo "2099"]
[BlackElo "2170"]
[WhiteTeam "Nepal"]
[BlackTeam "Chinese Taipei"]
[WhiteFideId "12300055"]
[BlackFideId "3203824"]
[EventDate "2016.09.02"]

1. e4 c5 2. Nc3 e6 3. Nf3 Nf6 4. d4 cxd4 5. Nxd4 Bb4 6. Bd3 e5 7. Nf5 O-O 8. O-O
Bxc3 9. bxc3 d5 10. Qf3 dxe4 11. Bxe4 Nxe4 12. Qxe4 Bxf5 13. Qxf5 Nc6 14. Rb1 b6
15. Bg5 Qc8 16. Qf3 Qe6 17. Rfe1 Rac8 18. a4 Qg6 19. h4 h6 20. Be3 Qxc2 21. Rec1
Qxa4 22. Qg3 Kh8 23. Ra1 Qe4 24. Re1 Qc4 25. Rec1 f5 26. f4 e4 27. Kh2 Rfd8 28.
Qg6 Qe2 29. Re1 Qg4 30. Qxg4 fxg4 31. Ra4 Kg8 32. Rxe4 h5 33. Bd4 Kf7 34. f5 Re8
35. Re6 Nxd4 36. cxd4 Rxe6 37. fxe6+ Ke7 38. d5 Kd6 39. Rd1 a5 40. Kg3 a4 41.
Kf4 a3 42. Rb1 Kxd5 43. Rxb6 Ra8 44. e7 a2 45. e8=Q Rxe8 46. Ra6 Re2 47. g3 Kc4
48. Ra7 Kb3 49. Kg5 Re4 50. Rxa2 Kxa2 51. Kxh5 Kb3 52. Kg6 Re3 0-1

[Event "42nd Olympiad 2016"]
[Site "Baku AZE"]
[Date "2016.09.12"]
[Round "10.46"]
[Board "2"]
[White "Yang, ching Wei, Austin"]
[Black "Maharjan, Sajin"]
[Result "1/2-1/2"]
[WhiteTitle "FM"]
[WhiteElo "1997"]
[BlackElo "2034"]
[WhiteTeam "Chinese Taipei"]
[BlackTeam "Nepal"]
[WhiteFideId "16300440"]
[BlackFideId "12301906"]
[EventDate "2016.09.02"]

1. e4 c5 2. Nc3 g6 3. g3 Bg7 4. Bg2 d6 5. Nge2 Nc6 6. d3 e6 7. O-O Nge7 8. f4
O-O 9. Be3 Nd4 10. Qd2 Rb8 11. Nd1 b5 12. g4 f5 13. gxf5 exf5 14. Bxd4 cxd4 15.
Nf2 Bb7 16. Qb4 a5 17. Qb3+ Kh8 18. a4 b4 19. Ng3 Qc7 20. Nh3 h6 21. Rae1 Rbc8
22. Re2 fxe4 23. Bxe4 Bxe4 24. Rxe4 Qd7 25. Qe6 Qxe6 26. Rxe6 Nd5 27. Rxd6 Ne3
28. Rc1 b3 29. Ne2 Rxc2 30. Rxc2 bxc2 31. Nc1 Rb8 32. Kf2 Rxb2 33. Ng1 Nd1+ 34.
Kf3 Nc3 35. Nge2 Rb1 36. Rc6 Bf8 37. Rc8 Kg7 38. Rc7+ Kg8 39. Rc8 Kg7 40. Rc7+
Kf6 41. Rc6+ Kf7 42. Rc7+ Kf6 43. Rc6+ 1/2-1/2

[Event "42nd Olympiad 2016"]
[Site "Baku AZE"]
[Date "2016.09.12"]
[Round "10.48"]
[Board "1"]
[White "Weerawardane, Romesh"]
[Black "Tissir, Mohamed"]
[Result "1/2-1/2"]
[WhiteTitle "IM"]
[BlackTitle "IM"]
[WhiteElo "2120"]
[BlackElo "2388"]
[WhiteTeam "Sri Lanka"]
[BlackTeam "Morocco"]
[WhiteFideId "9900373"]
[BlackFideId "9000240"]
[EventDate "2016.09.02"]

1. d4 Nf6 2. c4 g6 3. Nc3 Bg7 4. e4 d6 5. Nf3 O-O 6. Be2 e5 7. O-O Nc6 8. d5 Ne7
9. Ne1 Ne8 10. Nd3 c6 11. Be3 cxd5 12. cxd5 f5 13. f3 f4 14. Bf2 g5 15. Rc1 Ng6
16. a4 h5 17. Kh1 Rf7 18. Nb5 a6 19. Na3 Nf6 20. Nc4 Bf8 21. Nb6 Rb8 22. Rxc8
Rxc8 23. Nxc8 Qxc8 24. Qb3 g4 25. Rc1 Rc7 26. Rxc7 Qxc7 27. Qc3 Qd7 28. b3 h4
29. Ne1 g3 30. Bb6 h3 31. Bf1 hxg2+ 32. Bxg2 Qh7 33. h3 Nh4 34. Bd8 Nxe4 35.
fxe4 Nxg2 36. Kxg2 Qxe4+ 37. Qf3 Qxe1 38. Qg4+ Bg7 39. Qe6+ Kh7 40. Qf5+ Kg8 41.
Qe6+ Kh7 42. Qf5+ Kh8 43. Qh5+ Kg8 44. Qe8+ 1/2-1/2

[Event "42nd Olympiad 2016"]
[Site "Baku AZE"]
[Date "2016.09.12"]
[Round "10.48"]
[Board "2"]
[White "Aithmidou, Mohamed-Mehdi"]
[Black "Kavinda, Akila"]
[Result "0-1"]
[WhiteTitle "CM"]
[WhiteElo "2229"]
[BlackElo "2020"]
[WhiteTeam "Morocco"]
[BlackTeam "Sri Lanka"]
[WhiteFideId "9000720"]
[BlackFideId "9901302"]
[EventDate "2016.09.02"]

1. d4 d6 2. e4 g6 3. Nc3 Bg7 4. Be3 a6 5. h4 h5 6. Nh3 b5 7. Ng5 Bb7 8. Bd3 e6
9. g4 b4 10. gxh5 bxc3 11. hxg6 Kd7 12. gxf7 Nh6 13. bxc3 Qe7 14. Rb1 Kc8 15.
Qf3 Nd7 16. Bc4 d5 17. Rxb7 Kxb7 18. exd5 Qf6 19. Qg2 e5 20. d6+ c6 21. Ne4 Qf5
22. Kd2 exd4 23. Rb1+ Ka7 24. cxd4 Ng4 25. Nc5 Nxc5 26. Qxc6 Rab8 27. dxc5 Rxb1
28. Qc7+ Ka8 29. Bd3 Qf3 30. f8=Q+ Rxf8 31. Qxg7 Nxe3 32. fxe3 Qf2+ 33. Be2 Re1
34. Qg4 Rxe2+ 35. Qxe2 Qxe2+ 36. Kxe2 Kb7 37. Kd3 Kc6 38. Kd4 Rf5 39. e4 Rh5 40.
c3 Rxh4 41. Ke5 Kxc5 42. d7 Rh8 43. Ke6 Kc6 44. Ke7 Rh7+ 45. Ke8 Rxd7 46. e5 Rh7
47. c4 Kc5 48. Kd8 Rh2 49. e6 Rxa2 0-1

[Event "42nd Olympiad 2016"]
[Site "Baku AZE"]
[Date "2016.09.12"]
[Round "10.53"]
[Board "2"]
[White "Giron, Jorge Ernesto"]
[Black "Farazi, Khaiber"]
[Result "1-0"]
[WhiteTitle "CM"]
[WhiteElo "2208"]
[BlackElo "2097"]
[WhiteTeam "El Salvador"]
[BlackTeam "Afghanistan"]
[WhiteFideId "6702309"]
[BlackFideId "11700599"]
[EventDate "2016.09.02"]

1. e4 c5 2. Nf3 d6 3. d4 cxd4 4. Nxd4 Nf6 5. Nc3 a6 6. Be3 e5 7. Nb3 Be6 8. f3
Be7 9. Qd2 b5 10. g4 b4 11. Na4 Nbd7 12. g5 Nh5 13. Rg1 O-O 14. Qxb4 d5 15. Qa5
d4 16. Qxd8 Rfxd8 17. Bd2 Rdb8 18. c3 dxc3 19. Bxc3 Bb4 20. O-O-O Nf4 21. Kb1
Bxc3 22. Nxc3 Bxb3 23. Rxd7 Be6 24. Rd6 a5 25. Bb5 Rd8 26. Rxd8+ Rxd8 27. Kc2
Kf8 28. a3 Ke7 29. b4 axb4 30. axb4 Rb8 31. Rb1 Nh3 32. Be2 Nxg5 33. b5 Nh3 34.
b6 Nf4 35. Ba6 Bd7 36. Bc4 Bc6 37. Rb4 f6 38. Kb3 Kd6 39. Na4 Nh3 40. Bb5 Ng5
41. Bxc6 Kxc6 42. Rc4+ Kd6 43. Kb4 Nxf3 44. Kb5 Nd4+ 45. Ka6 Nc6 46. Kb5 Nd4+
47. Ka6 Ra8+ 48. Kb7 Rg8 49. Rc5 f5 50. Rd5+ Ke6 51. Nc5+ Kf7 52. Rxe5 f4 53.
Rd5 Ne2 54. Kc7 g5 55. b7 g4 56. Rd8 Rxd8 57. Kxd8 g3 58. hxg3 fxg3 59. b8=Q g2
60. Qc7+ Kg8 61. Nd7 Kg7 62. Ne5+ Kh6 63. Nf3 Nd4 64. Qb6+ Kh5 65. Qxd4 h6 66.
Qg1 1-0

[Event "42nd Olympiad 2016"]
[Site "Baku AZE"]
[Date "2016.09.12"]
[Round "10.56"]
[Board "3"]
[White "Wahid, Hussain"]
[Black "Huguet, Sergio"]
[Result "1-0"]
[BlackTitle "FM"]
[WhiteElo "2018"]
[BlackElo "2099"]
[WhiteTeam "Pakistan"]
[BlackTeam "Honduras"]
[WhiteFideId "7800509"]
[BlackFideId "2212552"]
[EventDate "2016.09.02"]

1. d4 d5 2. c4 e5 3. dxe5 d4 4. Nf3 Nc6 5. g3 Bg4 6. Bg2 Nge7 7. O-O Ng6 8. Qa4
Qd7 9. Rd1 Bxf3 10. exf3 Ncxe5 11. Qxd7+ Nxd7 12. Rxd4 O-O-O 13. Be3 Bc5 14. Rd2
Bb4 15. Rc2 Nde5 16. Rc1 Nd3 17. Rf1 Nxb2 18. a3 Ba5 19. Rc1 Nd3 20. Rd1 Ne1 21.
Nd2 Nc2 22. Ra2 Nxe3 23. fxe3 Ne5 24. Kf2 Rd6 25. f4 Ng4+ 26. Ke2 Rhd8 27. Bd5
Nf6 28. Bxf7 Ne4 29. Nxe4 Rxd1 30. Bd5 Rh1 31. Nd6+ Rxd6 32. Bxh1 Rb6 33. e4 Bc3
34. e5 Rb2+ 35. Rxb2 Bxb2 36. a4 b6 37. h4 Kd7 38. h5 h6 39. Bg2 Bc3 40. Kf3 Ke7
41. Ke4 Be1 42. g4 Bd2 43. Kf5 Bc1 44. Bd5 Kf8 45. g5 hxg5 46. Kxg5 Bd2 47. Kf5
Bc1 48. h6 gxh6 49. Bf3 a6 50. Bb7 a5 51. Bf3 Bd2 52. Ke4 c6 53. f5 b5 54. cxb5
cxb5 55. axb5 a4 56. b6 Ba5 57. b7 Bc7 58. f6 a3 59. e6 a2 60. e7+ Kf7 61. Bh5+
Kxf6 62. e8=Q 1-0

[Event "42nd Olympiad 2016"]
[Site "Baku AZE"]
[Date "2016.09.12"]
[Round "10.57"]
[Board "2"]
[White "Makolli, Perparim"]
[Black "Silva, David"]
[Result "1/2-1/2"]
[BlackTitle "IM"]
[WhiteElo "2289"]
[BlackElo "2276"]
[WhiteTeam "Kosovo"]
[BlackTeam "Angola"]
[WhiteFideId "908630"]
[BlackFideId "10101314"]
[EventDate "2016.09.02"]

1. e4 e5 2. Nf3 Nc6 3. Bb5 a6 4. Ba4 Nf6 5. O-O Be7 6. Re1 b5 7. Bb3 O-O 8. a4
b4 9. d3 d5 10. exd5 Nxd5 11. Nxe5 Nxe5 12. Rxe5 Bb7 13. Qf3 c6 14. Nd2 a5 15.
Nf1 Bf6 16. Re1 Ra6 17. Ne3 Qa8 18. Ng4 c5 19. Qg3 Bd4 20. Be3 Nxe3 21. fxe3
Bxb2 22. Rab1 Bc3 23. Re2 Bd5 24. e4 Bxb3 25. cxb3 Rg6 26. Qf4 Qe8 27. Ne3 Bd4
28. Kh1 Be5 29. Qf3 Rf6 30. Nf5 g6 31. Nh6+ Kg7 32. Qh3 Qe6 33. Ng4 Rf4 34. Nxe5
Qxe5 35. Qe3 Rd8 36. Rc2 Rf6 37. Qxc5 Qxc5 38. Rxc5 Rxd3 39. h3 Rf2 40. Rxa5
Rdd2 41. Rg5 Rfe2 42. Ra1 Rxe4 43. a5 Ree2 44. Ra4 h6 45. Rg3 Ra2 46. Rg4 Rxa4
47. bxa4 b3 48. a6 Re6 49. Rb4 Rxa6 50. Rxb3 Rxa4 51. Rb7 h5 52. Kg1 g5 53. Kf2
Kg6 54. Kf3 Ra3+ 55. Kf2 f6 56. Rb4 1/2-1/2

[Event "42nd Olympiad 2016"]
[Site "Baku AZE"]
[Date "2016.09.12"]
[Round "10.60"]
[Board "1"]
[White "Rayes, Abdul Kader"]
[Black "Eichab, Charles"]
[Result "1-0"]
[BlackTitle "CM"]
[WhiteElo "2254"]
[BlackElo "2070"]
[WhiteTeam "Syria"]
[BlackTeam "Namibia"]
[WhiteFideId "7600801"]
[BlackFideId "15200051"]
[EventDate "2016.09.02"]

1. d4 Nf6 2. Nf3 e6 3. g3 b6 4. c4 Bb7 5. Bg2 Be7 6. Nc3 O-O 7. O-O Ne4 8. Qd3
Nxc3 9. Qxc3 c5 10. dxc5 bxc5 11. Rd1 d6 12. Qc2 Nc6 13. Be3 Qc7 14. h4 f5 15.
Bg5 Rae8 16. Bxe7 Nxe7 17. Qd2 Nc8 18. e3 Rf6 19. Rac1 h6 20. b4 cxb4 21. Qxb4
e5 22. c5 d5 23. Ne1 f4 24. Qxb7 Qxb7 25. Bxd5+ Qxd5 26. Rxd5 fxg3 27. fxg3 Ref8
28. Ng2 Re8 29. Rc4 Kf7 30. Re4 Rfe6 31. Ra4 Rc6 32. e4 Ke6 33. Ne3 Ne7 34. Rxa7 1-0

[Event "42nd Olympiad 2016"]
[Site "Baku AZE"]
[Date "2016.09.12"]
[Round "10.63"]
[Board "4"]
[White "Wilson, Brandon"]
[Black "Ben Youssef, Anis"]
[Result "1-0"]
[WhiteTitle "CM"]
[WhiteElo "2074"]
[BlackElo "1893"]
[WhiteTeam "Jamaica"]
[BlackTeam "Tunisia"]
[WhiteFideId "7400500"]
[BlackFideId "5507847"]
[EventDate "2016.09.02"]

1. e4 e5 2. Nf3 Nc6 3. Bb5 d6 4. d4 exd4 5. Nxd4 Bd7 6. Bxc6 bxc6 7. Nc3 Be7 8.
O-O Nf6 9. Re1 O-O 10. Qd3 Re8 11. Nf3 Ng4 12. h3 Nf6 13. b3 Qc8 14. Bb2 Nh5 15.
Ne2 c5 16. g4 Nf6 17. e5 dxe5 18. Nxe5 Be6 19. Nf4 Bd6 20. Nxe6 Rxe6 21. Nf3 Ne8
22. Rxe6 Qxe6 23. Re1 Qh6 24. Kg2 Bf8 25. Qd7 Qd6 26. Ne5 Qxd7 27. Nxd7 Rd8 28.
Nxf8 Kxf8 29. Ba3 Rd2 30. Bxc5+ Nd6 31. Bxa7 Rxc2 32. a4 f6 33. Be3 Rb2 34. Rc1
Rxb3 35. Rxc7 Nb7 36. Rc6 Kf7 37. Rb6 Na5 38. Rxb3 Nxb3 39. Kf3 Ke6 40. Ke4 g6
41. Kd3 Kd5 42. Kc3 Na5 43. Bd4 f5 44. gxf5 gxf5 45. Kd3 Nb3 46. Bb6 Nc1+ 47.
Kd2 Na2 48. Ba5 Ke4 49. Kc2 Kf3 50. Kb2 Kxf2 51. Kxa2 Kg3 52. Bc7+ f4 53. a5 1-0

[Event "42nd Olympiad 2016"]
[Site "Baku AZE"]
[Date "2016.09.12"]
[Round "10.64"]
[Board "4"]
[White "Kim, Saebyeok"]
[Black "Ieong, Seak Hin"]
[Result "0-1"]
[WhiteElo "1950"]
[BlackElo "1841"]
[WhiteTeam "South Korea"]
[BlackTeam "Macau"]
[WhiteFideId "13200518"]
[BlackFideId "15400344"]
[EventDate "2016.09.02"]

1. e4 e5 2. Nf3 Nc6 3. Bc4 Nf6 4. d3 Be7 5. O-O O-O 6. Bb3 d6 7. c3 Na5 8. Bc2
c5 9. a3 Nc6 10. b4 Bg4 11. b5 Nb8 12. c4 a6 13. Nc3 axb5 14. cxb5 Nbd7 15. Bb3
h6 16. a4 Re8 17. Bd2 Nf8 18. Nd5 Be6 19. a5 Nxd5 20. exd5 Bg4 21. h3 Bh5 22. g4
Bg6 23. Qe2 f5 24. Nh2 Nh7 25. Kh1 Rf8 26. Rg1 Kh8 27. Qf1 Bg5 28. Bxg5 Nxg5 29.
a6 bxa6 30. bxa6 fxg4 31. Rxg4 Bf5 32. Rg3 e4 33. Qg2 Qb6 34. h4 Qxb3 35. hxg5
exd3 36. gxh6 g6 37. Qf1 Qxd5+ 38. Kg1 Rfe8 39. Qc1 Kh7 40. Nf1 Be4 41. Qc3 Qe5
42. Qa5 Re7 43. Re3 c4 44. f3 Qd4 45. fxe4 Rxe4 46. Qc7+ Kxh6 47. Qb7 Rxe3 48.
Nxe3 Qxe3+ 49. Kg2 Qe2+ 50. Kg1 Qg4+ 51. Kh1 Rh8 52. Qe7 d2 53. a7 d1=Q+ 54.
Rxd1 Qxd1+ 55. Kg2 Qg4+ 56. Kf1 Qf5+ 57. Kg2 Qg5+ 0-1

[Event "42nd Olympiad 2016"]
[Site "Baku AZE"]
[Date "2016.09.12"]
[Round "10.67"]
[Board "1"]
[White "Elarbi, Abobker"]
[Black "Manan, Yoboue Hermann"]
[Result "1-0"]
[WhiteTitle "FM"]
[WhiteElo "2297"]
[BlackElo "2115"]
[WhiteTeam "Libya"]
[BlackTeam "Ivory Coast"]
[WhiteFideId "9200355"]
[BlackFideId "20800061"]
[EventDate "2016.09.02"]

1. d4 Nf6 2. Nf3 g6 3. g3 Bg7 4. Bg2 O-O 5. O-O d6 6. c4 Nc6 7. Nc3 Bg4 8. h3
Bxf3 9. Bxf3 Nd7 10. e3 Nb6 11. Qe2 Qc8 12. Kh2 Re8 13. Bg2 e5 14. d5 Ne7 15. e4
a5 16. Be3 Nd7 17. h4 f5 18. Bh3 b6 19. Qc2 Rf8 20. Bg5 Nf6 21. f4 h6 22. Bxf6
Bxf6 23. exf5 gxf5 24. Rf2 Rf7 25. Raf1 Qd8 26. Bxf5 Nxf5 27. Qxf5 Bg7 28. Qe6
Qd7 29. Qxd7 Rxd7 30. f5 Bf6 31. Ne4 Kf7 32. Kh3 h5 33. Rg1 Rg8 34. g4 hxg4+ 35.
Rxg4 Rxg4 36. Kxg4 Rd8 37. Rh2 Rh8 38. h5 Rg8+ 39. Kf3 Rg1 40. h6 Bh8 41. h7 Kg7
42. Rg2+ Rxg2 43. Kxg2 Kxh7 44. Kf3 Kh6 45. Kg4 Bg7 46. f6 Bf8 47. Kf5 Kh5 48.
Ng5 Bh6 49. f7 Kh4 50. Ne6 Kg3 51. Ke4 Kf2 52. Nxc7 Ke2 53. Na8 Kd2 54. Nxb6 Kc2
55. Na4 Bf8 56. c5 dxc5 57. Kxe5 1-0

[Event "42nd Olympiad 2016"]
[Site "Baku AZE"]
[Date "2016.09.12"]
[Round "10.69"]
[Board "3"]
[White "Chimthere, Alfred Charles"]
[Black "Abdul, Rahman Ali"]
[Result "0-1"]
[WhiteTitle "CM"]
[BlackTitle "CM"]
[WhiteElo "2037"]
[BlackElo "1853"]
[WhiteTeam "Malawi"]
[BlackTeam "Maldives"]
[WhiteFideId "16400046"]
[BlackFideId "16700066"]
[EventDate "2016.09.02"]

1. e4 e6 2. d4 d5 3. exd5 exd5 4. Nf3 Nf6 5. Bd3 Bd6 6. O-O O-O 7. h3 c6 8. Be3
Ne4 9. Ne5 Qe7 10. Bxe4 dxe4 11. Nc4 Bc7 12. Qh5 Be6 13. Nbd2 f6 14. b3 b5 15.
Nb2 f5 16. Qg5 Qd6 17. f4 Nd7 18. Qg3 Ba5 19. Qf2 Nf6 20. c4 Bc3 21. Rab1 Rad8
22. d5 Bxd2 23. dxe6 Bxe3 24. Qxe3 Qxe6 25. Rbd1 Qe7 26. Rxd8 Rxd8 27. Rd1 Rxd1+
28. Nxd1 Qd6 29. Nf2 bxc4 30. bxc4 c5 31. g4 g6 32. gxf5 gxf5 33. Nh1 Kf7 34.
Ng3 Ke6 35. Kf2 Qd4 36. Qxd4 cxd4 37. Ne2 d3 38. Nd4+ Kd6 39. Nxf5+ Kc5 40. Ne3
Kd4 41. f5 h5 42. Nd1 a5 43. c5 Kxc5 44. Ke3 Kd5 45. Nb2 Ke5 46. Nc4+ Kxf5 47.
Nxa5 Nd5+ 48. Kd2 Ke5 49. Nb3 Nb6 50. Kc3 Kd5 51. Na5 Na4+ 52. Kd2 Nb6 53. Kc3
Ke5 54. Kd2 Kf4 55. a3 Kf3 56. Kc3 Ke2 57. Nb3 h4 58. Nc1+ Kf3 59. Nb3 Ke3 60.
Na5 Na4+ 61. Kb3 d2 62. Nc4+ 0-1

[Event "42nd Olympiad 2016"]
[Site "Baku AZE"]
[Date "2016.09.12"]
[Round "10.70"]
[Board "2"]
[White "Gebregziabher, Brehane Gebre Mic"]
[Black "Kumar, Manoj"]
[Result "1-0"]
[WhiteTitle "CM"]
[BlackTitle "CM"]
[WhiteElo "1933"]
[BlackElo "1986"]
[WhiteTeam "Ethiopia"]
[BlackTeam "Fiji"]
[WhiteFideId "15700119"]
[BlackFideId "11400064"]
[EventDate "2016.09.02"]

1. d4 Nf6 2. Nf3 d5 3. c4 c6 4. e3 e6 5. Bd3 Nbd7 6. O-O dxc4 7. Bxc4 b5 8. Bd3
Bb7 9. e4 a6 10. Bg5 Qc7 11. Nbd2 c5 12. Rc1 Qb6 13. dxc5 Bxc5 14. Nb3 Be7 15.
Qe2 h6 16. Be3 Qd8 17. Bf4 Rc8 18. Rxc8 Qxc8 19. Rc1 Qa8 20. Nfd2 e5 21. Bg3 O-O
22. Na5 Rc8 23. Rd1 Rd8 24. Nxb7 Qxb7 25. h3 Nc5 26. Bc2 Nfd7 27. Nf3 Bf6 28.
Rd5 Re8 29. Qd1 b4 30. Ba4 Nxa4 31. Qxa4 Re7 32. Qc2 Kh7 33. Qd3 Nb6 34. Rd6 Qc7
35. b3 Rd7 36. Rxd7 Nxd7 37. Qxa6 Qc3 38. Qd6 Nc5 39. Bxe5 Qc1+ 40. Kh2 Nxe4 41.
Qd4 Bxe5+ 42. Qxe5 Nxf2 43. Nd4 Qg5 44. Qxg5 hxg5 45. Nf3 g4 46. Ne1 gxh3 47.
gxh3 Kg6 48. Nc2 Nd3 49. Kg3 Kf5 50. Kf3 g5 51. Ke3 Nf4 52. Nxb4 Nxh3 53. a4 g4
54. a5 Ng5 55. a6 g3 56. a7 Kg4 57. a8=Q f5 58. Nd3 1-0

[Event "42nd Olympiad 2016"]
[Site "Baku AZE"]
[Date "2016.09.12"]
[Round "10.72"]
[Board "3"]
[White "Torres Santiago, Jonathan"]
[Black "Rajaonarison, Faniry"]
[Result "0-1"]
[BlackTitle "CM"]
[WhiteElo "2126"]
[BlackElo "2150"]
[WhiteTeam "Puerto Rico"]
[BlackTeam "Madagascar"]
[WhiteFideId "3100650"]
[BlackFideId "13100424"]
[EventDate "2016.09.02"]

1. e4 e6 2. d4 d5 3. exd5 exd5 4. Nf3 Bd6 5. c4 Nf6 6. Nc3 dxc4 7. Bxc4 O-O 8.
O-O c6 9. Bg5 Nbd7 10. Re1 Nb6 11. Bb3 Bg4 12. Qd3 h6 13. Bxh6 Bxf3 14. Qg6 Nh5
15. gxf3 Qf6 16. Qxh5 Qxh6 17. Qxh6 gxh6 18. Re4 Kh7 19. Bc2 f5 20. Re6 Rad8 21.
Nd1 Nd5 22. Re1 Ne7 23. a3 Ng6 24. Ne3 Nh4 25. Kh1 Kg7 26. Rad1 Bb8 27. Re2 Kf6
28. d5 Rg8 29. Nxf5 Nxf5 30. Re6+ Kg5 31. Rg1+ Kf4 32. Rxg8 Rxg8 33. Rf6 Rg5 34.
d6 Ke5 35. d7 Bc7 36. Rf8 Ke6 37. d8=Q Bxd8 38. Rxd8 Nd6 39. Rh8 h5 40. Rh6+ Ke7
41. f4 Rc5 42. Bg6 a5 43. Kg2 Rb5 44. Rxh5 Rxh5 45. Bxh5 Nc4 46. Be2 Nxb2 47. h4
b5 48. Kf3 b4 49. a4 Nxa4 50. h5 Kf6 51. Bd3 Nc5 52. Bb1 a4 53. Ke3 b3 54. Kd2
a3 55. Kc3 a2 56. Bxa2 bxa2 57. Kb2 Nd3+ 58. Kxa2 Nxf4 59. h6 Kg6 60. Kb3 Kxh6 0-1

[Event "42nd Olympiad 2016"]
[Site "Baku AZE"]
[Date "2016.09.12"]
[Round "10.72"]
[Board "4"]
[White "Ralison, Milanto Harifidy"]
[Black "Davila Blanco, Juan Jose"]
[Result "1/2-1/2"]
[WhiteTitle "CM"]
[BlackTitle "CM"]
[WhiteElo "2058"]
[BlackElo "1904"]
[WhiteTeam "Madagascar"]
[BlackTeam "Puerto Rico"]
[WhiteFideId "13100351"]
[BlackFideId "3102378"]
[EventDate "2016.09.02"]

1. e4 e6 2. d4 d5 3. Nc3 Nf6 4. Bg5 Bb4 5. e5 h6 6. Bd2 Bxc3 7. Bxc3 Ne4 8. Bb4
c5 9. Ba3 Qa5+ 10. c3 cxd4 11. Bb4 Qb6 12. Qxd4 Nc6 13. Qxb6 axb6 14. f4 Bd7 15.
Nf3 Nc5 16. Ba3 Ra4 17. g3 O-O 18. Be2 Rfa8 19. O-O Na5 20. Bd1 Re4 21. Bxc5
bxc5 22. Kf2 Bb5 23. Rh1 d4 24. a4 Bc6 25. Rg1 Nc4 26. cxd4 Rd8 27. h3 cxd4 28.
b3 Nb2 29. Ne1 d3 30. Rb1 Nxd1+ 31. Rxd1 Re2+ 32. Kf1 Be4 33. Nxd3 Rc2 34. Nf2
Rxd1+ 35. Nxd1 Bd3+ 36. Ke1 Re2+ 37. Kf1 Rc2+ 38. Ke1 Re2+ 39. Kf1 Rc2+ 1/2-1/2

[Event "42nd Olympiad 2016"]
[Site "Baku AZE"]
[Date "2016.09.12"]
[Round "10.74"]
[Board "4"]
[White "Semedo, Adelino"]
[Black "Joang, Molapo"]
[Result "1-0"]
[WhiteElo "1671"]
[BlackElo "1685"]
[WhiteTeam "Sao Tome & Principe"]
[BlackTeam "Lesotho"]
[WhiteFideId "1951165"]
[BlackFideId "21300380"]
[EventDate "2016.09.02"]

1. d4 d5 2. c4 c6 3. cxd5 cxd5 4. Nc3 Nc6 5. Bf4 Nf6 6. e3 a6 7. Bd3 e6 8. Nf3
Bd6 9. Bg3 O-O 10. Rc1 Re8 11. Ne5 Be7 12. f4 Qb6 13. Qe2 Bd7 14. Bh4 Rad8 15.
Bxf6 Bxf6 16. Bxh7+ Kf8 17. Bb1 Nxd4 18. exd4 Qxd4 19. g3 Bc6 20. Qf2 Bxe5 21.
fxe5 Qxe5+ 22. Qe2 Qg5 23. O-O d4 24. Ne4 Qd5 25. Rc5 d3 26. Qf3 Qd4+ 27. Qf2 f5
28. Qxd4 Rxd4 29. Nd2 Ke7 30. Re5 Kd6 31. Re3 Be4 32. Rc1 b5 33. Rc3 b4 34. Rc4
Rxc4 35. Nxc4+ Kd5 36. b3 Kd4 37. Re1 Rd8 38. Kf2 Kc5 39. Ke3 Rh8 40. h4 g5 41.
hxg5 Rh2 42. Bxd3 Bxd3 43. Kxd3 Rg2 44. Re5+ Kc6 45. Rxe6+ Kd7 46. Re3 Rxa2 47.
g6 f4 48. Rf3 fxg3 49. g7 g2 50. g8=Q a5 51. Qg7+ 1-0